Desinterés del cristiano : la recompensa en la moral de San Pablo /

Guardado en:
Detalles Bibliográficos
Autor principal: Didier, Georges (autor)
Otros autores: San Vicente Marañon, Angel (traducción) (traducción)
Formato: Libro
Idioma:Español
Publicado: Bilbao, España : Desclée de Brouwer, 1964
Etiquetas: Agrega una etiqueta
Sin etiquetas, Sé el primero en etiquetar este registro!

MARC

LEADER 00000nam^a2200000^a^4500
001 000556999
005 20250521000000.0
009 20260310131751.025
037 |a Acervo ITESO - Biblioteca 
041 |a ESP 
091 |a FGM. 00243 
100 |a Didier, Georges  |e (autor) 
245 1 0 |a Desinterés del cristiano :  |b la recompensa en la moral de San Pablo / 
264 1 |a Bilbao, España :  |b Desclée de Brouwer,  |c 1964 
300 |a 302 p. 
336 |a texto  |b txt  |2 rdacontenido 
337 |a sin mediación  |b n  |2 rdamedio 
338 |a volumen  |b nc  |2 rdasoporte 
649 |a XX 
700 |a San Vicente Marañon, Angel  |e (traducción) 
910 |a Fondo Efraín González Morfín 
920 |a Impresos - Libros 
930 |a Fondos Especiales 
905 |a 130 
901 |a 0500390815  |b IT2  |c ESL  |i D91495  |u 20250521 
902 |a https://opac.biblio.iteso.mx/vufind/Record/000556999